<?xml version="1.0" encoding="UTF-8"?>
<record
    xmlns:xsi="http://www.w3.org/2001/XMLSchema-instance"
    xsi:schemaLocation="http://www.loc.gov/MARC21/slim http://www.loc.gov/standards/marcxml/schema/MARC21slim.xsd"
    xmlns="http://www.loc.gov/MARC21/slim">

  <leader>01395nam a2200205 a 4500</leader>
  <controlfield tag="008">171102e2016    ag ||||| |||| 00| j spa d</controlfield>
  <datafield tag="020" ind1=" " ind2=" ">
    <subfield code="a">9789874607324</subfield>
  </datafield>
  <datafield tag="041" ind1=" " ind2=" ">
    <subfield code="a">spa</subfield>
  </datafield>
  <datafield tag="092" ind1=" " ind2=" ">
    <subfield code="c">863</subfield>
    <subfield code="l">80</subfield>
    <subfield code="s">SOD</subfield>
  </datafield>
  <datafield tag="100" ind1="1" ind2=" ">
    <subfield code="a">Sodero, C&#xE9;sar</subfield>
    <subfield code="9">3309</subfield>
  </datafield>
  <datafield tag="245" ind1=" " ind2=" ">
    <subfield code="a">Sierra Grande /</subfield>
    <subfield code="c">C&#xE9;sar Sodero</subfield>
  </datafield>
  <datafield tag="250" ind1=" " ind2=" ">
    <subfield code="a">1a ed.</subfield>
  </datafield>
  <datafield tag="260" ind1=" " ind2=" ">
    <subfield code="a">Buenos Aires:</subfield>
    <subfield code="b">Alto Pogo;</subfield>
    <subfield code="c">2016.</subfield>
  </datafield>
  <datafield tag="300" ind1=" " ind2=" ">
    <subfield code="a">146 p.</subfield>
  </datafield>
  <datafield tag="500" ind1=" " ind2=" ">
    <subfield code="a">Sodero, C. (2016). Sierra Grande. (1a ed.). Buenos Aires : Alto Pogo.</subfield>
  </datafield>
  <datafield tag="505" ind1=" " ind2=" ">
    <subfield code="a">Adolescentes en la oscuridad de los noventa, encerrados en el desierto entre la tristeza, la cobard&#xED;a y la resignaci&#xF3;n de los adultos. Sierra Grande es un conjunto de cuentos que, con una unidad notable, conforma una especie de novela de iniciaci&#xF3;n donde se aprenden los modelos m&#xE1;s crueles de la masculinidad, se descubre la humillaci&#xF3;n de la pobreza, la frustraci&#xF3;n paterna, el dolor inevitable. Sierra Grande es sobre todo un lugar, la construcci&#xF3;n literaria de un lugar sin remedio donde los chicos crecen y aprenden bajo el cielo inmerso e interminable de la Patagonia, donde sue&#xF1;an con encontrarse con extraterrestres o escuchan historias de viajes espaciales, historias que rediman, que por fin se vuelvan ese escape absurdo, ut&#xF3;pico y persistente que impulsan a escribir un cuento tras otro. </subfield>
  </datafield>
  <datafield tag="590" ind1=" " ind2=" ">
    <subfield code="a">Donacion Fondo Nacional de las Artes Oct2017</subfield>
  </datafield>
  <datafield tag="655" ind1=" " ind2=" ">
    <subfield code="a">Literatura</subfield>
    <subfield code="9">2917</subfield>
  </datafield>
  <datafield tag="942" ind1=" " ind2=" ">
    <subfield code="2">ddc</subfield>
    <subfield code="c">LIT</subfield>
  </datafield>
  <datafield tag="999" ind1=" " ind2=" ">
    <subfield code="c">2515</subfield>
    <subfield code="d">2515</subfield>
  </datafield>
  <datafield tag="952" ind1=" " ind2=" ">
    <subfield code="0">0</subfield>
    <subfield code="1">0</subfield>
    <subfield code="2">ddc</subfield>
    <subfield code="4">0</subfield>
    <subfield code="7">0</subfield>
    <subfield code="a">BFM</subfield>
    <subfield code="b">BFM</subfield>
    <subfield code="c">CR</subfield>
    <subfield code="d">2017-11-02</subfield>
    <subfield code="e">Donacion</subfield>
    <subfield code="l">0</subfield>
    <subfield code="o">863;80;SOD</subfield>
    <subfield code="p">3994</subfield>
    <subfield code="r">2017-11-02</subfield>
    <subfield code="t">Ej. 1</subfield>
    <subfield code="w">2017-11-02</subfield>
    <subfield code="y">LIT</subfield>
    <subfield code="z">Donacion Fondo Nacional de las Artes</subfield>
  </datafield>
</record>
